00366nam a2200133 u 450000100100000000500170001000800410002704000250006808200160009310000200010924500370012926000460016630000200021200002072520200930011142.0100813s1982 dr r 000 0 spa d aDO-SdBNPbspacBPJMB axxxxbR724h1 aRogers, Alberto10aHombre-cosmos /cAlberto Rogers. aSanto Domingo :bAmigo del hogar ,c1982. a236 p. ; :bcm.